| 000 | 00386nam a2200157Ia 4500 | ||
|---|---|---|---|
| 008 | 200103s9999||||xx |||||||||||||| ||und|| | ||
| 020 | _a9780070850187, | ||
| 040 | _aIMU-MPC | ||
| 082 | _aColumn-4 | ||
| 100 | _aAvner, Sidney H. | ||
| 245 | 0 | _aIntroduction to physical metallurgy | |
| 250 | _a2nd Ed. | ||
| 260 |
_bMcGraw-Hill Book Company _c1974 |
||
| 300 | _avii, 696 | ||
| 942 | _cBK | ||
| 999 |
_c3231 _d3231 |
||